| 000 | 00677nam a2200217 a 4500 | ||
|---|---|---|---|
| 001 | 000047634 | ||
| 005 | 20260508134417.0 | ||
| 008 | 110304s1989 dr 000 0 spa d | ||
| 040 |
_aDO-SdBNP _bspa _cBNPHU |
||
| 082 |
_a248.5 _bT173j, 1989 |
||
| 100 | 1 |
_aTardif, Emiliano, _d1928-1999 _935030 |
|
| 245 | 1 | 0 |
_aJesús es el mesías / _cEmiliano Tardif, José H. Prado Flores. |
| 250 | _a2a. ed. | ||
| 260 |
_aSanto Domingo : _bEdiciones M.S.C., _c1989 _fAmigo del Hogar |
||
| 300 |
_a160 p. ; _c21 cm. |
||
| 590 | _aInventariado, 2018/ YL | ||
| 650 | 4 |
_aEvangelización _9476 |
|
| 650 | 0 |
_aVida cristiana _9668 |
|
| 650 | 0 |
_aFe _91024 |
|
| 700 | 1 |
_aPrado Flores, José H. _910971 |
|
| 999 |
_c47122 _d47122 |
||